00879 a2200169 45000010006000000050017000060080041000230030015000640400040000790800061001192450038001802640029002183000019002475050391002661000024006577000028006815716920260407155834.0260407a1968 arg spa dAR-UNSa-BCEJYS aAR-UNSa-BCEJYSbspacAR-UNSa-BCEJYS a669.1xMetalurgia del hierro. Siderurgia. Hierro y Acero10aGeografía del hierro y el acero 1aBarcelona :bLaborc1968 a205 p.c19 cm. a1. Arte y ciencia de la fabricación del hierro – 2. Los minerales de hierro – 3. Las modernas fábricas de hierro y acero – 4. Reino unido – 5. La industria del hierro y el acero de Europa occidental – 6. La industria del hierro y el acero en Estados Unidos y Canadá – 7. La industria del hierro y el acero en la esfera soviética – 8. Los países subdesarrollados 1 aPounds, Norman J.G.1 aAbdal Montal, Joaquín